UM Logo

Magnetic design considerations for high-power wireless charging systems / (Record no. 19754)

MARC details
000 -LEADER
fixed length control field 00883nam a22002057a 4500
003 - CONTROL NUMBER IDENTIFIER
control field OSt
005 - DATE AND TIME OF LATEST TRANSACTION
control field 20250930162610.0
008 - FIXED-LENGTH DATA ELEMENTS--GENERAL INFORMATION
fixed length control field 240319b ||||| |||| 00| 0 eng d
040 ## - CATALOGING SOURCE
Transcribing agency 0
082 ## - DEWEY DECIMAL CLASSIFICATION NUMBER
Classification number DPer 621.381 In821 August 2022 v. 37 n. 8
100 ## - MAIN ENTRY--PERSONAL NAME
Personal name Lawton, Patrick A. J.
Relator term author.
9 (RLIN) 55004
245 ## - TITLE STATEMENT
Title Magnetic design considerations for high-power wireless charging systems /
Statement of responsibility, etc. Patrick A. J. Lawton, Feiyang J. Lin, and Grant A. Covic.
260 ## - PUBLICATION, DISTRIBUTION, ETC. (IMPRINT)
Place of publication, distribution, etc. New York ;
Name of publisher, distributor, etc. The Institute of Electrical and Electronics Engineers, Inc. ,
Date of publication, distribution, etc. August 2022.
300 ## - PHYSICAL DESCRIPTION
Extent Volume 37, pages 9972-9982 :
Other physical details illustration ;
Dimensions 28 cm.
500 ## - GENERAL NOTE
General note IEEE Transitions on Power Electronics, v. 37 n. 8, pages 9972-9982, August 2022.
700 ## - ADDED ENTRY--PERSONAL NAME
Personal name Lawton, Patrick A. J.
Relator term author.
9 (RLIN) 55004
700 ## - ADDED ENTRY--PERSONAL NAME
Personal name Lin, Feiyang J.
Relator term author.
9 (RLIN) 55005
700 ## - ADDED ENTRY--PERSONAL NAME
Personal name Covic, Grant A.
Relator term author.
9 (RLIN) 55006
942 ## - ADDED ENTRY ELEMENTS (KOHA)
Source of classification or shelving scheme Dewey Decimal Classification
Koha item type Periodicals
Holdings
Withdrawn status Lost status Source of classification or shelving scheme Damaged status Not for loan Collection code Home library Current library Date acquired Total Checkouts Full call number Date last seen Price effective from Koha item type Public note
    Dewey Decimal Classification     Periodicals UM Digos College - LIC UM Digos College - LIC 03/19/2024   DPer 621.381 In821 August 2022 v. 37 n. 8 03/19/2024 03/19/2024 Periodicals Periodical Article